000 00453nam a22001817a 4500
003 MPLRDC
005 20220104185619.0
008 210129b ||||| |||| 00| 0 eng d
020 _a7-5071-0237-8
082 _a296.5 WZM c.2
100 _a王志明
245 _a当代预测宗师
_c
250 _a一版一刷
260 _a中国
_b文学出版社
_c1994
300 _b
650 _a通灵术; 心灵术--预言
942 _cBK
_o296.5 WZM c.2
999 _c63410
_d63400